Управление разработкой ПО: пер. с англ.

Manylion Llyfryddiaeth
Prif Awdur: Пилон Д. Дэн
Awduron Eraill: Майлз Р. Расс
Crynodeb:Даже опытные разработчики программного обеспечения постоянно сталкиваются с трудностями при реализации программных проектов: например, из-за смены требований заказчика ПО или непонимания конечными пользователями логики работы с новой программой. Если вы не собираетесь пасовать перед этими и другими распространенными проблемами управления 1Т-проектами, изучите с помощью этой уникальной книги передовые методы и практики, наработанные в области разработки программного обеспечения. Здесь вы получите всю необходимую информацию о каждом этапе жизненного цикла разработки программного обеспечения: переговоры с заказчиком и формализация клиентских требований, планирование процесса разработки ПО и подготовка технического задания, постановка задач и написание инструкций, тестирование ПО и устранение «багов».Особенностью этой книги является уникальный способ подачи материала, выделяющий серию «Head First» издательства O'Reilly в ряду множества скучных книг, посвященных программированию и разработке ПО.
Iaith:Rwseg
Cyhoeddwyd: Санкт-Петербург, Питер, 2011
Pynciau:
Fformat: MixedMaterials Llyfr
KOHA link:https://koha.lib.tpu.ru/cgi-bin/koha/opac-detail.pl?biblionumber=241891

MARC

LEADER 00000nam0a2200000 4500
001 241891
005 20231101231843.0
010 |a 9785459005226 
035 |a (RuTPU)RU\TPU\book\263180 
090 |a 241891 
100 |a 20130821d2011 km y0rusy50 ca 
101 1 |a rus  |c eng 
102 |a RU 
105 |a a z 000zy 
200 1 |a Управление разработкой ПО  |e пер. с англ.  |f Д. Пилон, Р. Майлз 
210 |a Санкт-Петербург  |c Питер  |d 2011 
215 |a 460 с.  |c ил. 
330 |a Даже опытные разработчики программного обеспечения постоянно сталкиваются с трудностями при реализации программных проектов: например, из-за смены требований заказчика ПО или непонимания конечными пользователями логики работы с новой программой. Если вы не собираетесь пасовать перед этими и другими распространенными проблемами управления 1Т-проектами, изучите с помощью этой уникальной книги передовые методы и практики, наработанные в области разработки программного обеспечения. Здесь вы получите всю необходимую информацию о каждом этапе жизненного цикла разработки программного обеспечения: переговоры с заказчиком и формализация клиентских требований, планирование процесса разработки ПО и подготовка технического задания, постановка задач и написание инструкций, тестирование ПО и устранение «багов».Особенностью этой книги является уникальный способ подачи материала, выделяющий серию «Head First» издательства O'Reilly в ряду множества скучных книг, посвященных программированию и разработке ПО. 
606 1 |a Программное обеспечение  |x Разработка  |2 stltpush  |3 (RuTPU)RU\TPU\subj\71141  |9 85177 
610 1 |a управление 
610 1 |a программные проекты 
610 1 |a реализация 
610 1 |a трудности 
610 1 |a проблемы 
610 1 |a этапы 
610 1 |a жизненный цикл 
610 1 |a клиентские требования 
610 1 |a тестирование 
675 |a 004.415  |v 4 
700 1 |a Пилон  |b Д.  |g Дэн 
701 1 |a Майлз  |b Р.  |g Расс 
801 1 |a RU  |b 63413507  |c 20130821 
801 2 |a RU  |b 63413507  |c 20140424  |g RCR 
942 |c BK